| 000 | 01843nam a22002777a 4500 | ||
|---|---|---|---|
| 999 |
_c338835 _d338835 |
||
| 001 | 52747 | ||
| 003 | UA-OsUOA | ||
| 005 | 20230504161249.0 | ||
| 007 | ta | ||
| 008 | 20080303b un ||||| |||| 00| 0 ukr d | ||
| 020 | _a978-966-364-471-4 | ||
| 040 |
_aUA-OsUOA _bukr _cUA-OsUOA _dUA-OsUOA |
||
| 041 | _aukr | ||
| 080 | _a336.221.14(075.8) | ||
| 090 |
_a336.221.14(075.8) _bД30 |
||
| 100 | _aДемиденко Л. М. | ||
| 245 |
_aПодаткова система _bнавчальний посібник |
||
| 260 |
_aК. _bЦНЛ _c2007 |
||
| 300 | _a184 с. | ||
| 520 | _aНавчальний посібник розрахований на студентів вищих навчальних закладів, які вивчають нормативну дисципліну «Податкова система». У ньому подані навчальна програма курсу, плани лекцій та семінарських занять, короткий зміст лекцій курсу, методичні рекомендації до самостійної роботи студентів над темами курсу, тестові і розрахункові завдання, перелік питань для підсумкового контролю знань. Посібник містить приклади розрахунку окремих видів податків у практикумі з курсу “Податкова система”, загальний список рекомендованої літератури і довідкову корисну інформацію. | ||
| 650 | 7 |
_a336 Фінанси _2UDC |
|
| 700 | _aСубботович Ю. Л. | ||
| 942 |
_cBK _2udc |
||
| 955 | _a2 | ||